000 00278nam a2200109 a 4500
005 20201002052842.0
008 150811s2003 000 spa d
020 _a8466727108
245 0 _aLengua española : nivel básico.
260 _aMadrid : Anaya,
_c2003.
999 _c45900
_d45900
040 _aDO-SdBNP